000
00337 a2200157 4500
001
186389
020
_a
040
_c
Magnum
100
_a
Disney, Wlat
240
1
0
_a
Alice no país das maravilhas
_l
por
245
1
0
_a
Alice no país das maravilhas
300
_a
16
362
0
_a
1995
697
_a
LITERATURA INFANTO
942
_c
BK
999
_c
186389
_d
186389